[Event "SVK-chT2A 1213"]
[Site "Slovakia"]
[Date "2013.02.16"]
[Round "8.6"]
[White "Stefani, Peter"]
[Black "Karas, Marek"]
[Result "1/2-1/2"]
[WhiteElo "1900"]
[BlackElo "1951"]
[PlyCount "78"]
[EventDate "2012.10.13"]
[EventType "team-tourn"]
[EventRounds "11"]
[EventCountry "SVK"]
[SourceTitle "EXT 2015"]
[Source "ChessBase"]
[SourceDate "2014.11.20"]
[SourceVersion "1"]
[SourceVersionDate "2014.11.20"]
[SourceQuality "1"]
[WhiteTeam "Devinska Nova Ves II"]
[BlackTeam "Devinska Nova Ves"]
[WhiteTeamCountry "SVK"]
[BlackTeamCountry "SVK"]

1. c4 Nf6 2. Nc3 e6 3. Nf3 d5 4. cxd5 exd5 5. d4 c6 6. Bg5 Be7 7. e3 0-0 8. Bd3 Nbd7 9. 0-0 Ne4 10. Bxe7 Qxe7 11. Qc2 f5 12. Rfe1 Re8 13. Nd2 Nxd2 14. Qxd2 Nf6 15. f3 Be6 16. a3 a5 17. Rac1 Qd6 18. Qc2 f4 19. Kh1 fxe3 20. Rxe3 Qf4 21. Qd2 Qd6 22. Rce1 Bf7 23. Nd1 Rxe3 24. Rxe3 b6 25. Nf2 Re8 26. Bc2 Rxe3 27. Qxe3 Qe6 28. Qxe6 Bxe6 29. Kg1 Kf7 30. Kf1 Ke7 31. Ke2 Kd6 32. b4 axb4 33. axb4 c5 34. dxc5+ bxc5 35. bxc5+ Kxc5 36. Nd3+ Kd4 37. Nf4 Bf7 38. Kd2 g5 39. Ne2+ Ke5 1/2-1/2